Tatu-Balão (Record no. 192219)

MARC details
000 -LÍDER
campo de controle de tamanho fixo 00319 a2200157 4500
001 - NÚMERO DE CONTROLE
campo de controle 192219
020 ## - ISBN - INTERNATIONAL STANDARD BOOK NUMBER
ISBN - International Standard Book Number 978-85-61167-78-3
040 ## - FONTE DA CATALOGAÇÃO
Instituição que transcreveu o registro Magnum
100 ## - ENTRADA PRINCIPAL--NOME PESSOAL
Nome pessoal Barros, Sônia
240 10 - TÍTULO UNIFORME
Título uniforme Tatu-Balão
Idioma da obra por
245 10 - TÍTULO
Título Tatu-Balão
300 ## - DESCRIÇÃO FÍSICA
Extensão 36
362 0# - DATAS DE PUBLICAÇÃO E/OU DESIGNAÇÃO SEQUENCIAL
Datas de publicação e/ou designação sequencial 2014
697 ## - ENTRADA DE ASSUNTO LOCAL--ENTIDADE COLETIVA (RLIN)
Nome corporativo ou nome da jurisdição LITERATURA INFANTO
942 ## - ELEMENTOS DE ENTRADA ADICIONADOS (KOHA)
Tipo de material Koha Livros
Holdings
Situação do descarte Situação das perdas Situação física Não pode ser emprestado Biblioteca de origem Biblioteca atual Data de aquisição Total de empréstimos Número de chamada completo Código de barras Data de último acesso Data do preço efetivo Tipo de material Koha
        Magnum Magnum 08/06/2024   869.1.1300 MAG00070211 08/06/2024 08/06/2024 Livros
        Magnum Magnum 08/06/2024   869.1.1300 MAG00070212 08/06/2024 08/06/2024 Livros
        Magnum Magnum 08/06/2024   869.1.1300 MAG00070213 08/06/2024 08/06/2024 Livros
        Magnum Magnum 08/06/2024   869.1.1300 MAG00070214 08/06/2024 08/06/2024 Livros
        Magnum Magnum 08/06/2024   869.1.1300 MAG00070215 08/06/2024 08/06/2024 Livros
        Magnum Magnum 08/06/2024   869.1.1300 MAG00070216 08/06/2024 08/06/2024 Livros
        Magnum Magnum 08/06/2024   869.1.1300 MAG00070217 08/06/2024 08/06/2024 Livros
        Magnum Magnum 08/06/2024   869.1.1300 MAG00070218 08/06/2024 08/06/2024 Livros
        Magnum Magnum 08/06/2024   869.1.1300 MAG00070219 08/06/2024 08/06/2024 Livros
        Magnum Magnum 08/06/2024   869.1.1300 MAG00070220 08/06/2024 08/06/2024 Livros
        Magnum Magnum 08/06/2024   869.1.1300 MAG00070221 08/06/2024 08/06/2024 Livros
        Magnum Magnum 08/06/2024   869.1.1300 MAG00070222 08/06/2024 08/06/2024 Livros
        Magnum Magnum 08/06/2024   869.1.1300 MAG00073788 08/06/2024 08/06/2024 Livros